000 00460nam a22001217a 4500
008 230612b xxu||||| |||| 00| 0 eng d
082 _a352.4908
_bKEN
245 _aThe Report of The Controller and Auditor-General together with The Appropriation Accounts and Other Public Accounts and the Accounts of the Funds for the Year1993/4
_cGovernment of Kenya
260 _aKenya
_bGovernment
_c1994
300 _a487 P
710 _bGovernment of Kenya
942 _2ddc
_cBK
999 _c1093
_d1093